My Hero Academia Quiz - Statistics

General Stats
  • This quiz has been taken 2,096 times
  • The average score is 13 of 36
Answer Stats
Hint Answer % Correct
Who is the Symbol of Peace? All Might
98%
Who is the main character of the show? Izuku Midoriya
81%
Who is known as the hero killer? Stain
65%
How many students are in class 1-A? 20
62%
Who is the classroom representative of Class 1-A? Tenya Iida
62%
Shoto Todoroki is the son of which pro hero? Endeavor
58%
What are the colors of the training outfits that the students wear? Blue
57%
What is Fumikage Tokoyami's weakness in the show? Light
53%
Who is the number 4 hero that trains Bakugou during his Internship? Best Jeanist
50%
Who is the principal of UA High School? Nezu
48%
Which villain has a quirk called Decay? Tomura Shigaraki
47%
Who is Izuku's bully in junior high? Katsuki Bakugou
45%
What school do all the students attend? UA High School
44%
All Might go's into retirement after defeating which villain? All for One
42%
Who is Class 1-A's homeroom teacher? Eraser Head
42%
Who is the smartest student in class 1-A who has a creation quirk? Momo Yaoyorozu
41%
Who is best friends with Bakugou? Kirishima
40%
Where are the students first attacked by the League of Villains? USJ
39%
Who has a crush on Izuku? Ochaco Uraraka
36%
Who trains Izuku during his internship? Gran Torino
32%
Shoto Todoroki has what kind of quirk? Half-Cold Half-Hot
32%
Who is the leader of the Vanguard Action Squad Dabi
31%
Where do the students move into after they are attacked at the training camp? Dorms
26%
Who beats the entire class in a fight by himself in the last episode of season 3? Mirio
24%
Which support course student in on Izuku's team during the Calvary Battle? Mei Hatsume
23%
Which pro hero acts as a villain during the Provisional Licensing Exam? Gang Orca
22%
Which villain captured Bakugou? Mr. Compress
20%
What is the Nationally Televised events all the students attend to get noticed by pro heroes? UA Sports Festival
19%
What is the quirk of the person listed above? Cremation
15%
Who defeats the villain known as Mustard, during the training camp? Tetsutetsu
14%
What kind of contest do the girls decide to have after everyone moves into dorms? Best Room
11%
The powerful student know as Inasa has what kind of quirk? Whirlwind
7%
What are the students trying to attain toward the end of season 3? Provisional Hero License
6%
Tenya Iida is the younger brother of which pro hero? Inginium
4%
Where is the training camp located the students attend in the summer? the woods
4%
Which student is girl crazy in class 1-A? Minora MIneta
2%
No matching quizzes found
Score Distribution
Percent of People with Each Score
Percentile by Number Answered
Your Score History
You have not taken this quiz